Państwa, w których aborcja jest zakazana - nagła śmierć - Statystyki

Ogólne statystyki
  • Ten quiz został rozwiązany 57 razy
  • Średni wynik to 2 z 8
Answers on the Grid
Answers color-coded by a green-red scale on the quiz's grid according to % correct below.
Andora
Arabia Saudyjska
Białoruś
Czad
Dominikana
Filipiny
Honduras
Indie
Japonia
Kanada
Kuba
Madagaskar
Mauritius
Nikaragua
Oman
Polska
Salwador
Sudan
Watykan
Wenezuela
 
Statystyki odpowiedzi
Odpowiedź % Poprawnych
Andora
61%
Watykan
39%
Dominikana
26%
Nikaragua
26%
Salwador
26%
Honduras
22%
Filipiny
17%
Madagaskar
13%
Nie znaleziono quizów pasujących do podanych kryteriów
Rozkład punktacji
Procent ludzi z każdym wynikiem
Percentyl według liczby udzielonych odpowiedzi
Twoja historia wyników
Nie rozwiązałeś tego quizu